00453pab a2200145 454500008003600000100002400036245006700060300001100127362001100138650001200149773001900161909000900180999001500189952010300204180718b xxu||||| |||| 00| 0 eng d aVincent, Jeffrey R. aRent capture and the feasibility of tropical forest management a212-23 a10 May aForests aLand Economics a9024 c9024d9024 00104070aIIPAbIIPAd2018-07-19hVolume no: 66, Issue no: 2pAR9038r2018-07-19w2018-07-19yAR